000
00219nam a22000857a 4500
008
160921b xxu||||| |||| 00| 0 eng d
100
_9
696
_a
Roald Dahl
245
_a
Fantastic Mr Fox
260
_a
USA
_b
Jonathan publication
_c
1983
999
_c
3353
_d
3353